000 00246nam a2200097Ia 4500
001 683089
005 20250826161431.0
008 250824s9999 xx 000 0 und d
245 0 _aÇANAKKALE DESTANI
_cİSMAİL BİLGİN
260 _bTİMAŞ YAYINLARI
999 _c683089
_d683089